Sports Quiz

Random Sports Quiz
Score 0/48 Timer 10:00
0 Plays Today
Number Player % Correct
32Adam Dunn
98.1%
23Robin Ventura
98.1%
14Paul Konerko
96.3%
10Alexei Ramirez
94.4%
21Tyler Flowers
94.4%
15Gordon Beckham
92.6%
24Dayan Viciedo
92.6%
30Alejandro de Aza
92.6%
49Chris Sale
90.7%
20Jordan Danks
88.9%
50John Danks
88.9%
51Alex Rios
88.9%
43Addison Reed
85.2%
26Avisail Garcia
83.3%
28Leury Garcia
83.3%
34Gavin Floyd
81.5%
62Jose Quintana
79.6%
37Matt Thornton
77.8%
12Conor Gillaspie
72.2%
44Jake Peavy
72.2%
65Nate Jones
72.2%
53Hector Santiago
68.5%
7Jeff Keppinger
66.7%
26Jesse Crain
66.7%
Number Player % Correct
36Josh Phegley
63%
45Erik Johnson
61.1%
22Brent Morel
55.6%
46Donnie Veal
53.7%
28Dewayne Wise
51.9%
33Dylan Axelrod
51.9%
38Hector Gimenez
50%
38Miguel Gonzalez
50%
39Bryan Anderson
50%
5Angel Sanchez
48.1%
27Matt Lindstrom
48.1%
39Casper Wells
48.1%
5Marcus Semien
44.4%
48Brian Omogrosso
44.4%
68Jake Petricka
38.9%
64Andre Rienzo
37%
55Simon Castro
35.2%
40Ramon Troncoso
31.5%
18Blake Tekotte
29.6%
41David Purcey
29.6%
60Daniel Webb
29.6%
1Tyler Greene
27.8%
61Charles Leesman
27.8%
54Deunte Heath
22.2%
Remove Ads.
Support Sporcle.
Get the best of Sporcle when you Go Orange. This ad-free experience offers more features, more stats, and more fun while also helping to support Sporcle. Thank you for becoming a member.

You're not logged in!

Compare scores with friends on all Sporcle quizzes.
OR
Log In

Show Comments

Extras

Created Oct 28, 2013ReportNominate
Tags:2013, chicago, Player, White

Top Quizzes Today


Score Distribution

Your Account Isn't Verified!

In order to create a playlist on Sporcle, you need to verify the email address you used during registration. Go to your Sporcle Settings to finish the process.

Report this User

Report this user for behavior that violates our Community Guidelines.

Details: